| 000 | 01468nam0a22002651 4500 | ||
|---|---|---|---|
| 001 | rc\4612830 | ||
| 005 | 20260408074840.0 | ||
| 021 |
_aRU _b[64-64246] |
||
| 035 | _a(NLR Aleph) 008671223 | ||
| 090 |
_a9121372 _c9121372 |
||
| 100 | _a20130416d1964 |||y0rusy50 ca | ||
| 101 | 0 | _arus | |
| 102 | _aRU | ||
| 105 | _ay z ||||| | ||
| 200 | 1 |
_aСборник унифицированных норм и расценок на хозяйственно-вспомогательные работы, выполняемые в условиях строительной площадки _eУтв. 21/IV 1961 г. _fГл. упр. по жил. и гражд. строительству в г. Москве. Главмосстрой при Мосгорисполкоме. Упр. кадров, труда и заработной платы. Центр. нормативно-исслед. бюро "ЦНИБ Мосстрой" |
|
| 210 |
_aМосква _cБ. и. _d1964 |
||
| 215 |
_a23 с. _d20 |
||
| 606 |
_aСтроительные работы _jНормы и расценки _2psbo |
||
| 606 |
_aХозяйственные работы _jНормы и расценки _2psbo |
||
| 710 | 0 | 2 |
_aМосковское главное управление по жилищному и гражданскому строительству _3RU\NLR\AUTH\8810066484 _9634592 |
| 801 | 0 |
_aRU _bNLR _gpsbo |
|
| 801 | 1 |
_aRU _bELAR _2rusmarc |
|
| 852 |
_aNLR _jПт 80.1/673 |
||
| 942 | _cBOOK | ||
| 980 | _aNB | ||